Countries Bordering Italy by Border Length - Statistics

General Stats
  • This quiz has been taken 182 times
  • The average score is 6 of 6
Answer Stats
Hint Answer % Correct
740 km Switzerland
98%
488 km France
95%
3.2 km Vatican City
92%
430 km Austria
91%
39 km San Marino
91%
199 km Slovenia
88%
No matching quizzes found
Score Distribution
Percent of People with Each Score
Percentile by Number Answered
Your Score History
You have not taken this quiz